Logo CIB grande

TECNOLOGÍA AGROPECUARIA Y FORESTAL-2 : OBRAS E INSTALACIONES AGROPECUARIAS TECNOLOGÍA DE LA PRODUCCIÓN ANIMAL TECNOLOGÍA FORESTAL (Registro nro. 216131)

Detalles MARC
000 -LEADER
campo de control de longitud fija 00734nam a2200253Ia 4500
005 - FECHA Y HORA DE LA ÚLTIMA TRANSACCIÓN
campo de control 20250425161804.0
008 - DATOS DE LONGITUD FIJA--INFORMACIÓN GENERAL
campo de control de longitud fija 250425s9999 xx 000 0 und d
020 ## - NÚMERO INTERNACIONAL ESTÁNDAR DEL LIBRO
Número Internacional Estándar del Libro 8470032593
041 ## - CÓDIGO DE IDIOMA
Código de lengua del texto/banda sonora o título independiente spa
082 ## - NÚMERO DE LA CLASIFICACIÓN DECIMAL DEWEY
Número de clasificación 631
010 ## - NÚMERO DE CONTROL DE LA BIBLIOTECA DEL CONGRESO
Número de control de LC 29138
100 ## - ENTRADA PRINCIPAL--NOMBRE DE PERSONA
Nombre de persona MEIER, HELMUT M. E.
245 #0 - MENCIÓN DEL TÍTULO
Título TECNOLOGÍA AGROPECUARIA Y FORESTAL-2 : OBRAS E INSTALACIONES AGROPECUARIAS TECNOLOGÍA DE LA PRODUCCIÓN ANIMAL TECNOLOGÍA FORESTAL
250 ## - MENCION DE EDICION
Mención de edición 1A ED.
260 ## - PUBLICACIÓN, DISTRIBUCIÓN, ETC.
Lugar de publicación, distribución, etc. BARCELONA
260 ## - PUBLICACIÓN, DISTRIBUCIÓN, ETC.
Lugar de publicación, distribución, etc. España
Nombre del editor, distribuidor, etc. AEDOS
Fecha de publicación, distribución, etc. 1985
300 ## - DESCRIPCIÓN FÍSICA
Extensión 391
500 ## - NOTA GENERAL
Nota general ENCICLOPEDIA SISTEMÁTICA AGROPECUARIA
650 ## - PUNTO DE ACCESO ADICIONAL DE MATERIA--TÉRMINO DE MATERIA
Término de materia o nombre geográfico como elemento de entrada CARNE-PRODUCCION
650 ## - PUNTO DE ACCESO ADICIONAL DE MATERIA--TÉRMINO DE MATERIA
Término de materia o nombre geográfico como elemento de entrada EXPLOTACION AGRICOLA
650 ## - PUNTO DE ACCESO ADICIONAL DE MATERIA--TÉRMINO DE MATERIA
Término de materia o nombre geográfico como elemento de entrada PRODUCCION ANIMAL
650 ## - PUNTO DE ACCESO ADICIONAL DE MATERIA--TÉRMINO DE MATERIA
Término de materia o nombre geográfico como elemento de entrada TECNOLOGIA AGRICOLA
942 ## - ELEMENTOS DE ENTRADA SECUNDARIOS (KOHA)
Tipo de ítem Koha Libros
Existencias
Estatus retirado Estado de pérdida Estado de daño No para préstamo Biblioteca de origen Biblioteca actual Ubicación en estantería Fecha de adquisición Coste, precio normal de compra Total de préstamos Código de barras Copia número Tipo de ítem Koha
        CENTRO DE INFORMACIÓN BIBLIOTECARIA CENTRO DE INFORMACIÓN BIBLIOTECARIA   21/11/2003 4.00   35381 1 Libros

Copyright 2025 ESPOL. Todos los derechos reservados.